Maiores produtores de Alfarroba - Statistics

Estatísticas Gerais
  • Esse quiz foi jogado 26 vezes
  • A pontuação média é 10 de 16
Estatísticas das Respostas
Hint Resposta % Correto
9 Espanha
89%
3 Marrocos
89%
1 Portugal
89%
2 Itália
84%
10 Tunísia
84%
4 Turquia
84%
5 Grécia
79%
8 Argélia
74%
11 Israel
74%
7 Líbano
53%
6 Chipre
47%
13 Croácia
47%
15 Jordânia
42%
12 México
42%
14 Ucrânia
32%
16 Eslováquia
11%
Nenhum quiz correspondente encontrado
Distribuição das Pontuações
Porcentagem de Pessoas com Cada Pontuação
Percentil de Números Respondidos
Sua Pontuação Histórica
Você não jogou esse quiz